Spoločensky prospešné a sociálne podnikanie
Podnikanie, ktorého hlavným cieľom je dosiahnuť pozitívny spoločenský dopad, a to vlastnými aktivitami – predajom tovarov a služieb, alebo spôsobom prerozdelenia zisku. Podnikanie, ktoré predstavuje možnosti riešenia sociálnych problémov: chudoby, nezamestnanosti, vylúčenia, či diskriminácie. Sféry...
Na minha lista:
| Formato: | Capítulo de Livro |
|---|---|
| Idioma: | eslovaco |
| Assuntos: | |
| Tags: |
Sem tags, seja o primeiro a adicionar uma tag!
|
MARC
| LEADER | 00000naa a2200000 4500 | ||
|---|---|---|---|
| 001 | 0210322 | ||
| 005 | 20220725111629.1 | ||
| 041 | 0 | |a slo | |
| 044 | |a SK | ||
| 245 | 1 | 0 | |a Spoločensky prospešné a sociálne podnikanie |
| 520 | |a Podnikanie, ktorého hlavným cieľom je dosiahnuť pozitívny spoločenský dopad, a to vlastnými aktivitami – predajom tovarov a služieb, alebo spôsobom prerozdelenia zisku. Podnikanie, ktoré predstavuje možnosti riešenia sociálnych problémov: chudoby, nezamestnanosti, vylúčenia, či diskriminácie. Sféry a formy pôsobenia spoločensky prospešných podnikov. | ||
| 610 | 2 | 0 | |a podnik sociálny |
| 610 | 2 | 0 | |a dielne chránené |
| 610 | 2 | 0 | |a podnikanie sociálne |
| 610 | 2 | 0 | |a podnikatelia |
| 610 | 2 | 0 | |a stratégia podnikateľská |
| 610 | 2 | 0 | |a podnikanie zodpovedné |